000 00978nam a22002897a 4500
001 5493
003 FISKH
005 20241212122840.0
008 241212b cb ||||| |||| 00| 0 eng d
020 _a9780439339056
040 _aFISKH
_beng
_cFISKH
_dFISKH
050 _aRJ496.A25
082 _a362.19685889
100 _aAbeel, Samantha
245 _aMy thirteenth winter :
_bA memoir /
_cby Samantha Abeel
250 _aThis edition was printing , September 2007
260 _aNew York :
_bScholastic ;
_c2003.
300 _a203 pages :
_billustrations ;
_c22 cm .
505 _aZ
520 _aA memoir in which Samantha Abeel discusses her life before and after being diagnosed with the math-related learning disability discalculia in seventh grade.
521 8 _a1050
_bLexile
521 8 _aZ
_bRaz-Plus
650 _alearning disability
_vNon-fiction
700 _aAlbertson, Kristina
_eBook designer
942 _2ddc
_cBK
_n0
999 _c5493
_d5493